[Event "GER-ch 93rd"]
[Site "Magdeburg"]
[Date "2022.08.16"]
[Round "4"]
[White "Bracker, Arne"]
[Black "Becker, Stefan"]
[Result "1-0"]
[WhiteElo "2295"]
[BlackElo "2101"]
[PlyCount "67"]
[EventDate "2022.08.14"]
[EventType "swiss"]
[EventRounds "9"]
[EventCountry "GER"]
[SourceTitle "CBM 209 Extra"]
[Source "ChessBase"]
[SourceDate "2022.09.30"]
[SourceVersion "1"]
[SourceVersionDate "2022.09.30"]
[SourceQuality "1"]

1. e4 c5 2. Nf3 e6 3. d4 cxd4 4. Nxd4 a6 5. Bd3 Nf6 6. 0-0 Qc7 7. Qe2 d6 8. f4 g6 9. f5 Bg7 10. Bg5 0-0 11. Nd2 exf5 12. exf5 Nc6 13. Nxc6 Qxc6 14. Kh1 d5 15. Rae1 Bd7 16. Qf3 Rae8 17. Rxe8 Bxe8 18. Nb3 Bd7 19. Nd4 Qd6 20. c3 Ne4 21. Bxe4 dxe4 22. Qxe4 Bxd4 23. cxd4 Bxf5 24. Qxb7 Rb8 25. Qf3 Rxb2 26. Bh6 f6 27. h3 Kf7 28. Qc3 Rxa2 29. Qb3+ Be6 30. Qb7+ Qd7 31. Qb4 Qd8 32. Bg5 Bf5 33. Qb3+ Be6 34. Rxf6+ 1-0

[Event "Lueneburg distr-ch Meister"]
[Site "Muenster"]
[Date "2019.10.17"]
[Round "1"]
[White "Lehmkuhl, Stefan"]
[Black "Becker, Stefan"]
[Result "1/2-1/2"]
[WhiteElo "1871"]
[BlackElo "2104"]
[PlyCount "54"]
[EventDate "2019.10.17"]
[EventType "swiss"]
[EventRounds "7"]
[EventCountry "GER"]
[SourceTitle "EXT 2023"]
[Source "ChessBase"]
[SourceDate "2022.10.05"]
[SourceVersion "1"]
[SourceVersionDate "2022.10.05"]
[SourceQuality "1"]

1. d4 d5 2. c4 c6 3. cxd5 cxd5 4. Nc3 Nf6 5. Nf3 Nc6 6. e3 a6 7. a3 Bg4 8. Be2 e6 9. Bd2 Bd6 10. h3 Bh5 11. Rc1 0-0 12. 0-0 Qe7 13. Na4 Ne4 14. b4 Rac8 15. Nc5 f5 16. Ne1 Be8 17. f4 g5 18. Ned3 h6 19. Be1 Bb8 20. Bh5 Nxc5 21. bxc5 Kh7 22. Rb1 Bxh5 23. Qxh5 Qf7 24. Qxf7+ Rxf7 25. Bg3 Rg8 26. Rf2 Rgg7 27. Rfb2 Ba7 1/2-1/2

[Event "Lueneburg distr-ch Meister"]
[Site "Bergen"]
[Date "2018.10.14"]
[Round "7.1"]
[White "Lehmkuhl, Stefan"]
[Black "Becker, Stefan"]
[Result "0-1"]
[WhiteElo "1887"]
[BlackElo "2091"]
[PlyCount "54"]
[EventDate "2018.10.11"]
[EventType "swiss"]
[EventRounds "7"]
[EventCountry "GER"]
[SourceTitle "EXT 2020"]
[Source "ChessBase"]
[SourceDate "2019.10.17"]
[SourceVersion "1"]
[SourceVersionDate "2019.10.17"]
[SourceQuality "1"]

1. d3 c5 2. c4 Nf6 3. g3 e6 4. Bg2 Be7 5. Nc3 0-0 6. Nf3 Nc6 7. 0-0 d5 8. Bf4 Nh5 9. cxd5 exd5 10. Bc1 Nf6 11. a3 h6 12. e4 dxe4 13. dxe4 Be6 14. Qxd8 Rfxd8 15. e5 Nd7 16. Re1 Nb6 17. Nb5 Rd7 18. a4 Nb4 19. Na3 Nxa4 20. Rf1 Nb6 21. Bd2 Nd3 22. Bc3 Rad8 23. Ne1 Nb4 24. Nec2 N6d5 25. Bxb4 Nxb4 26. Nxb4 cxb4 27. Nb5 Bc4 0-1

[Event "Lueneburg distr-ch Meister"]
[Site "Bergen"]
[Date "2018.10.13"]
[Round "5.2"]
[White "Hilck, Dirk"]
[Black "Becker, Stefan"]
[Result "1/2-1/2"]
[WhiteElo "2025"]
[BlackElo "2091"]
[PlyCount "67"]
[EventDate "2018.10.11"]
[EventType "swiss"]
[EventRounds "7"]
[EventCountry "GER"]
[SourceTitle "EXT 2020"]
[Source "ChessBase"]
[SourceDate "2019.10.17"]
[SourceVersion "1"]
[SourceVersionDate "2019.10.17"]
[SourceQuality "1"]

1. e4 c5 2. Nf3 d6 3. Nc3 a6 4. a4 Bg4 5. Be2 Nc6 6. d3 Nf6 7. h3 Bxf3 8. Bxf3 Nd4 9. e5 dxe5 10. Bxb7 Ra7 11. Bf3 e6 12. Bg5 Be7 13. Bxf6 gxf6 14. g3 0-0 15. Bg2 Kh8 16. Ne4 Rd7 17. Nd2 Nf5 18. Nc4 Nd6 19. Qe2 Nxc4 20. dxc4 f5 21. 0-0 Qb8 22. b3 Bf6 23. Rfd1 Rfd8 24. Rxd7 Rxd7 25. Rd1 Qd8 26. Rxd7 Qxd7 27. Qd3 Qd4 28. Qxd4 exd4 29. f4 Bd8 30. Kf2 a5 31. g4 fxg4 32. hxg4 Kg7 33. Kf3 f5 34. Bf1 1/2-1/2

[Event "Lueneburg distr-ch Meister"]
[Site "Lueneburg"]
[Date "2017.10.12"]
[Round "2"]
[White "Goetz, Patrick"]
[Black "Becker, Stefan"]
[Result "1/2-1/2"]
[WhiteElo "1779"]
[BlackElo "2163"]
[PlyCount "75"]
[EventDate "2017.10.12"]
[EventType "swiss"]
[EventRounds "7"]
[EventCountry "GER"]
[SourceTitle "EXT 2019"]
[Source "ChessBase"]
[SourceDate "2018.10.10"]
[SourceVersion "1"]
[SourceVersionDate "2018.10.10"]
[SourceQuality "1"]

1. e4 d6 2. d4 Nf6 3. Nc3 Nbd7 4. Nf3 e5 5. Bg5 Be7 6. dxe5 dxe5 7. Bc4 c6 8. Bb3 Qc7 9. 0-0 Nc5 10. Qe2 0-0 11. Nd2 a5 12. a4 Nxb3 13. Nxb3 Be6 14. Nc1 h6 15. Bd2 Nd7 16. Nd3 Rfd8 17. Be3 Nf8 18. Rfd1 Ng6 19. Nc5 Rxd1+ 20. Rxd1 Bc8 21. Qd2 Nf8 22. Qe2 b6 23. Nd3 Ba6 24. Qg4 Ng6 25. Nc1 Bc8 26. Qg3 Be6 27. Qf3 Rd8 28. Rxd8+ Bxd8 29. Qd1 Kf8 30. Qd2 Ke8 31. N1e2 Qd7 32. Qxd7+ Kxd7 33. f3 Kc7 34. Kf2 Be7 35. g3 Nf8 36. Nc1 Nd7 37. Nd3 Bc4 38. Ke1 1/2-1/2

[Event "Niedersachsen-ch"]
[Site "Verden"]
[Date "2016.01.04"]
[Round "3"]
[White "Renner, Kai"]
[Black "Becker, Stefan"]
[Result "1/2-1/2"]
[WhiteElo "2248"]
[BlackElo "2208"]
[PlyCount "87"]
[EventDate "2016.01.03"]
[EventType "swiss"]
[EventRounds "7"]
[EventCountry "GER"]
[SourceTitle "EXT 2018"]
[Source "ChessBase"]
[SourceDate "2017.10.13"]
[SourceVersion "1"]
[SourceVersionDate "2017.10.13"]
[SourceQuality "1"]

1. e4 c5 2. Nf3 d6 3. d4 cxd4 4. Nxd4 Nf6 5. Nc3 a6 6. Be2 e5 7. Nb3 Be7 8. Bg5 Be6 9. Bxf6 Bxf6 10. Qd3 0-0 11. 0-0-0 Qb6 12. Rhf1 Be7 13. Nd5 Bxd5 14. Qxd5 Nc6 15. Kb1 a5 16. c3 Qc7 17. a4 Nb8 18. Bb5 Na6 19. g3 Qc8 20. Bxa6 Rxa6 21. Na1 Rc6 22. f3 Rc5 23. Qd3 Rd8 24. Nb3 Rc4 25. Nd2 Rc6 26. c4 Rb6 27. b3 Rb4 28. Ka2 Qc5 29. Nb1 d5 30. exd5 b5 31. cxb5 Rd4 32. Qc3 Qxd5 33. Rxd4 exd4 34. Qxa5 Ra8 35. Qd2 Rxa4+ 36. Kb2 Rb4 37. Qd3 Rxb5 38. Re1 Rb7 39. Nd2 g6 40. Nc4 Bb4 41. Re8+ Kg7 42. Qe4 Bc3+ 43. Kc2 Qxe4+ 44. Rxe4 1/2-1/2

[Event "Niedersachsen-ch"]
[Site "Verden"]
[Date "2015.01.05"]
[Round "7"]
[White "Plischki, Sebastian"]
[Black "Becker, Stefan"]
[Result "1/2-1/2"]
[WhiteElo "2391"]
[BlackElo "2180"]
[PlyCount "53"]
[EventDate "2015.01.02"]
[EventType "swiss"]
[EventRounds "7"]
[EventCountry "GER"]
[SourceTitle "EXT 2018"]
[Source "ChessBase"]
[SourceDate "2017.10.13"]
[SourceVersion "1"]
[SourceVersionDate "2017.10.13"]
[SourceQuality "1"]

1. d4 Nf6 2. c4 g6 3. Nc3 Bg7 4. e4 d6 5. Nf3 0-0 6. Be2 e5 7. Be3 h6 8. d5 Ng4 9. Bd2 f5 10. g3 Nf6 11. Nh4 Nxe4 12. Nxe4 fxe4 13. Nxg6 Rf7 14. Be3 Na6 15. 0-0 Nc5 16. Nh4 a5 17. Bh5 Rf6 18. Bg6 Bh3 19. Qh5 Qd7 20. Bxh6 Bxh6 21. Qxh6 Bxf1 22. Rxf1 Raf8 23. Qg5 Qg7 24. Qh5 Qh8 25. Qg5 Qg7 26. Qh5 Qh8 27. Qg5 1/2-1/2

[Event "Niedersachsen-ch"]
[Site "Verden"]
[Date "2015.01.03"]
[Round "4"]
[White "Becker, Stefan"]
[Black "Hoffmann, Lukas"]
[Result "1/2-1/2"]
[WhiteElo "2180"]
[BlackElo "2202"]
[PlyCount "34"]
[EventDate "2015.01.02"]
[EventType "swiss"]
[EventRounds "7"]
[EventCountry "GER"]
[SourceTitle "EXT 2018"]
[Source "ChessBase"]
[SourceDate "2017.10.13"]
[SourceVersion "1"]
[SourceVersionDate "2017.10.13"]
[SourceQuality "1"]

1. e4 c6 2. d4 d5 3. exd5 cxd5 4. Bd3 Nf6 5. Bf4 g6 6. c3 Bg7 7. Nd2 0-0 8. Ngf3 Nc6 9. h3 a6 10. a4 Qb6 11. Qb3 Qxb3 12. Nxb3 Nd7 13. Be2 e5 14. dxe5 Ndxe5 15. Nxe5 Nxe5 16. 0-0 Nc4 17. Ra2 Be6 1/2-1/2

[Event "Oberliga Nord W 1314"]
[Site "Germany"]
[Date "2013.12.15"]
[Round "4.6"]
[White "Becker, Stefan"]
[Black "Hoellmann, Ludger"]
[Result "0-1"]
[WhiteElo "2203"]
[BlackElo "2151"]
[PlyCount "110"]
[EventDate "2013.10.13"]
[EventType "team-tourn"]
[EventRounds "9"]
[EventCountry "GER"]
[SourceTitle "EXT 2015"]
[Source "ChessBase"]
[SourceDate "2014.11.20"]
[SourceVersion "1"]
[SourceVersionDate "2014.11.20"]
[SourceQuality "1"]
[WhiteTeam "Lueneburg Turm"]
[BlackTeam "Nordhorn Blanke"]
[WhiteTeamCountry "GER"]
[BlackTeamCountry "GER"]

1. e4 e5 2. Nf3 Nc6 3. Bc4 Bc5 4. c3 Nf6 5. d3 0-0 6. Bb3 d6 7. Bg5 h6 8. Bh4 g5 9. Bg3 Bb6 10. Nbd2 Qe7 11. Qe2 Bd7 12. Nc4 Kg7 13. Ne3 Rae8 14. Nd2 Bxe3 15. fxe3 Bg4 16. Nf3 Nh5 17. Bf2 Be6 18. Nh4 Nf6 19. Nf5+ Bxf5 20. exf5 e4 21. d4 Na5 22. h4 a6 23. 0-0-0 Nxb3+ 24. axb3 Qd7 25. g4 Qb5 26. Qc2 Nxg4 27. d5 Qd7 28. f6+ Kxf6 29. Rdf1 Kg6 30. Bg1 f5 31. Kb1 Qe7 32. c4 b5 33. Qe2 bxc4 34. Qxc4 Rb8 35. Rc1 Rf7 36. Rc3 Rb5 37. Qc6 Rb6 38. Qc4 Ne5 39. Qd4 Nf3 40. Qh8 Nxh4 41. Bf2 Rh7 42. Qg8+ Rg7 43. Qa8 Rh7 44. Qg8+ Qg7 45. Qc8 Nf3 46. Rhc1 Rh8 47. Qe6+ Qf6 48. Qd7 Rh7 49. Qc8 Rb5 50. R1c2 Rxd5 51. Rxc7 Rxc7 52. Rxc7 Rd1+ 53. Ka2 Kh5 54. Qe8+ Kg4 55. Rc4 Qe5 0-1

[Event "Oberliga Nord W 1314"]
[Site "Germany"]
[Date "2013.11.10"]
[Round "2.5"]
[White "Meessen, Max"]
[Black "Becker, Stefan"]
[Result "1/2-1/2"]
[WhiteElo "2183"]
[BlackElo "2203"]
[PlyCount "90"]
[EventDate "2013.10.13"]
[EventType "team-tourn"]
[EventRounds "9"]
[EventCountry "GER"]
[SourceTitle "EXT 2015"]
[Source "ChessBase"]
[SourceDate "2014.11.20"]
[SourceVersion "1"]
[SourceVersionDate "2014.11.20"]
[SourceQuality "1"]
[WhiteTeam "Oldenburg Union"]
[BlackTeam "Lueneburg Turm"]
[WhiteTeamCountry "GER"]
[BlackTeamCountry "GER"]

1. d4 d5 2. c4 e6 3. Nc3 c5 4. cxd5 exd5 5. Nf3 Nc6 6. g3 Nf6 7. Bg2 Be7 8. 0-0 0-0 9. Bg5 c4 10. Ne5 Be6 11. e3 h6 12. Bxf6 Bxf6 13. f4 Bxe5 14. fxe5 Qg5 15. Qe2 Rfd8 16. Rad1 Rac8 17. e4 Ne7 18. Qf2 Qh5 19. Bf3 Qg6 20. Qg2 dxe4 21. Bxe4 Qg5 22. Qf3 Ng6 23. Kh1 Rc7 24. h4 Qg4 25. Qxg4 Bxg4 26. Rde1 a6 27. e6 Bxe6 28. Bxg6 Bh3 29. Bxf7+ Rxf7 30. Rxf7 Kxf7 31. d5 b5 32. a3 a5 33. Nxb5 Rxd5 34. a4 Rd2 35. Re3 Be6 36. Rc3 Rxb2 37. Nd6+ Ke7 38. Nxc4 Bxc4 39. Rxc4 Rb4 40. Rc7+ Kf6 41. Kg2 Rxa4 42. Kf3 h5 43. Rc5 g6 44. Rc6+ Kg7 45. Ra6 Ra1 1/2-1/2

[Event "GER-ch33 V01 email"]
[Site "GER email"]
[Date "2002.??.??"]
[Round "?"]
[White "Becker, Stefan"]
[Black "Blank, Wolfgang"]
[Result "1/2-1/2"]
[WhiteElo "2193"]
[BlackElo "2147"]
[PlyCount "70"]
[EventDate "2002.??.??"]
[EventType "tourn (corr)"]
[EventRounds "11"]
[EventCountry "GER"]
[SourceTitle "Corr 2011"]
[Source "ChessBase"]
[SourceDate "2010.08.31"]
[SourceVersion "1"]
[SourceVersionDate "2010.08.31"]
[SourceQuality "1"]

1. e4 c5 2. Nf3 Nc6 3. d4 cxd4 4. Nxd4 Nf6 5. Nc3 e5 6. Ndb5 d6 7. Bg5 a6 8. Na3 b5 9. Bxf6 gxf6 10. Nd5 f5 11. c3 Bg7 12. exf5 Bxf5 13. Nc2 Be6 14. g3 0-0 15. Bg2 a5 16. 0-0 f5 17. Qh5 b4 18. Rad1 bxc3 19. bxc3 Rb8 20. Rd2 Qd7 21. Nce3 Qf7 22. Qxf7+ Rxf7 23. Rfd1 Nd8 24. Nc4 Nb7 25. Rb2 e4 26. Nxa5 Bxd5 27. Rxd5 Bxc3 28. Rxb7 Rfxb7 29. Nxb7 Rxb7 30. Rxf5 Rb1+ 31. Bf1 Be5 32. Kg2 Rb4 33. Ba6 Kg7 34. a3 Ra4 35. Bb7 e3 1/2-1/2

[Event "GER-ch33 V01 email"]
[Site "GER email"]
[Date "2002.??.??"]
[Round "?"]
[White "Buchholz, Karl Heinz"]
[Black "Becker, Stefan"]
[Result "1/2-1/2"]
[WhiteElo "2076"]
[BlackElo "2193"]
[PlyCount "45"]
[EventDate "2002.??.??"]
[EventType "tourn (corr)"]
[EventRounds "11"]
[EventCountry "GER"]
[SourceTitle "Corr 2011"]
[Source "ChessBase"]
[SourceDate "2010.08.31"]
[SourceVersion "1"]
[SourceVersionDate "2010.08.31"]
[SourceQuality "1"]

1. e4 e6 2. d4 d5 3. Nd2 Nf6 4. e5 Nfd7 5. f4 c5 6. c3 Nc6 7. Ndf3 cxd4 8. Nxd4 Nxd4 9. cxd4 Nb8 10. Bd2 Qb6 11. Bc3 Bd7 12. Bd3 h5 13. Nf3 g6 14. a4 a5 15. Qc2 Be7 16. 0-0 Kf8 17. Rfc1 Kg7 18. Qf2 Na6 19. Qe1 Nb4 20. Be2 Rac8 21. Kh1 Bc6 22. Ng5 Qd8 23. Qd2 1/2-1/2

[Event "GER-ch33 V01 email"]
[Site "GER email"]
[Date "2002.??.??"]
[Round "?"]
[White "Hirr, Rudi"]
[Black "Becker, Stefan"]
[Result "1/2-1/2"]
[WhiteElo "2279"]
[BlackElo "2193"]
[PlyCount "45"]
[EventDate "2002.??.??"]
[EventType "tourn (corr)"]
[EventRounds "11"]
[EventCountry "GER"]
[SourceTitle "Corr 2011"]
[Source "ChessBase"]
[SourceDate "2010.08.31"]
[SourceVersion "1"]
[SourceVersionDate "2010.08.31"]
[SourceQuality "1"]

1. Nf3 d5 2. g3 c5 3. Bg2 Nc6 4. d4 e6 5. 0-0 Nf6 6. c4 Be7 7. cxd5 exd5 8. dxc5 Bxc5 9. Bg5 0-0 10. Nc3 d4 11. Bxf6 Qxf6 12. Nd5 Qd8 13. Nd2 Re8 14. Rc1 Bb6 15. Nc4 Bg4 16. Re1 Ba5 17. Nxa5 Qxa5 18. b4 Nxb4 19. Qxd4 Nxd5 20. Qxg4 Rad8 21. Qh5 g6 22. Qg5 f6 23. Bxd5+ 1/2-1/2